|
|
|
|
| LEADER |
00000nam a2200000 i 4500 |
| 001 |
DIGEJTLOZ179 |
| 003 |
NyNyDIG |
| 008 |
201029s2019 ck a ob 000 0 eng d |
| 006 |
m o d |
| 007 |
cr ||||||||||| |
| 035 |
|
|
|a (OCoLC)1224562202
|
| 040 |
|
|
|a DGITA
|b eng
|e rda
|e pn
|c DGITA
|
| 020 |
|
|
|a 9789587252583
|q eBook
|q pdf
|
| 020 |
|
|
|a 9587252586
|q eBook
|q pdf
|
| 020 |
|
|
|a 9789587252590
|q eBook
|q ePub
|
| 020 |
|
|
|a 9587252594
|q eBook
|q ePub
|
| 020 |
|
|
|z 9789587252576
|
| 020 |
|
|
|z 9587252578
|
| 041 |
0 |
|
|a eng
|a spa
|
| 043 |
|
|
|a s------
|
| 050 |
1 |
4 |
|a JA71 ebook
|
| 100 |
1 |
|
|a Guardiola-Rivera, Óscar,
|e author.
|
| 245 |
1 |
2 |
|a A defence of armed art/struggle /
|c Óscar Guardiola-Rivera.
|
| 264 |
|
1 |
|a [Bogotá] :
|b Editorial Utadeo,
|c 2019.
|
| 300 |
|
|
|a 1 online resource. :
|b illustrations (some color)
|
| 336 |
|
|
|a text
|b txt
|2 rdacontent
|
| 337 |
|
|
|a computer
|b c
|2 rdamedia
|
| 338 |
|
|
|a online resource
|b cr
|2 rdacarrier
|
| 347 |
|
|
|a text file
|2 rdaft
|
| 347 |
|
|
|b PDF
|
| 347 |
|
|
|b EPUB
|
| 504 |
|
|
|a Includes bibliographical references.
|
| 546 |
|
|
|a In English and two contributions in Spanish.
|
| 588 |
0 |
|
|a Online resource; title from PDF title page (Digitalia, viewed November 6, 2020)
|
| 650 |
|
0 |
|a Political science
|x Philosophy.
|
| 650 |
|
0 |
|a Populism
|z Latin America.
|
| 655 |
|
0 |
|a Electronic books.
|
| 791 |
2 |
|
|a Digitalia (Firm),
|e distributor.
|
| 793 |
0 |
|
|g Digitalia eBook Collection:
|a Editorial Universidad de Bogotá Jorge Tadeo Lozano
|
| 776 |
0 |
8 |
|i Print version:
|a Guardiola-Rivera, Óscar.
|t Defence of armed art/struggle.
|d [Bogotá] : Editorial Utadeo, 2019
|z 9789587252576
|
| 856 |
4 |
0 |
|3 Digitalia Hispánica
|u https://www.digitaliapublishing.com/a/63675/
|
| 910 |
|
|
|a Premium Collection: 2020
|